00000000nam##2200000za#4500
0019.647420
003CaOODSP
00520210615112631
007ta
008150407|1999||||xxc|||||     f|0| 0 eng|d
020 |a0-662-28086-5
040 |aCaOODSP|beng
043 |an-cn---
0861 |aH46-2/99-235E
1101 |aCanada.|bHealth Canada. |bOffice of Environmental Health Assessment.
24510|aCanadian handbook on health impact assessment : |bvolume 1: the basics
260 |aOttawa - Ontario : |bHealth Canada. |c1999.
300 |a110p. in various pagings. : |bgraphs, references, tables ; |c28 cm.
500 |a"This Handbook examines the need and the procedure necessary to incorporate the assessment of human health effects in the EA process. The Handbook will make reference to the federal and provincial governments' legislated environmental assessment processes; however, the Handbook is not designed to address specific issues associated with the various legislative regimes. Instead, the Handbook is of a general nature, designed to provide guidance, irrespective of which EA process is used."--Page 9.
5203 |aThis Handbook examines the need and the procedure necessary to incorporate the assessment of human health effects in the EA process. The Handbook will make reference to the federal and provincial governments' legislated environmental assessment processes; however, the Handbook is not designed to address specific issues associated with the various legislative regimes. Instead, the Handbook is of a general nature, designed to provide guidance, irrespective of which EA process is used.--Page 9
563 |aLoose-leaf
590 |a00-18|b2000-05-05
69007|aEnvironmental impact assessment|2gcpds
69007|aHealth|2gcpds
69007|aHealth indicators|2gcpds
77508|tGuide canadien d'évaluation des incidences sur la santé : |w(CaOODSP)9.680841
7760#|tCanadian handbook on health impact assessment. Volume 1, The basics |w(CaOODSP)9.695399
986 |a99-EHD-235